000 00591nam a2200205Ia 4500
001 2944
003 GE_BSU
008 181216s||||||||xx |||||||||||||| ||und||
040 _cGE_BSU
080 _a621.643.002
100 _aБатенчук,А.Н
245 _aИзготовление и монтаж технологических трубопроводов
250 _aизд.Второе дополненное и исправленное
260 _aМ
260 _bГостоптехиздат
260 _c1971
300 _a304 стр
300 _c20 см
942 _cBK
999 _c36992
_d36992